| 000 | 01284cam a22002535a 4500 | ||
|---|---|---|---|
| 001 | L137433 | ||
| 002 | 16387 | ||
| 008 | 070405s2007 xxkeo f 001 0 eng d | ||
| 020 |
_a1861269048 _a9781861269041 |
||
| 035 | _a(Sirsi) u137433 | ||
| 041 | 0 | _aeng | |
| 050 | 0 | 4 | _a306.52 $2 18 |
| 100 | 1 | _aCummins, Martin | |
| 245 | 0 | 0 | _aDesigning and building your own home |
| 260 |
_aMarlborough _bCrowood Press _c2006 |
||
| 300 |
_a176p. _bill. _c25cm. |
||
| 350 | _a12.99 | ||
| 505 | 2 | _aGetting started -- Finding a site -- Programming and processes -- Assembling and briefing the design and construction team -- Designing the building and getting what you want -- The construction process -- Useful contacts | |
| 520 | _aConsiders different types of building and levels of involvement in the project. Covers site selection options. Suggests processes for assembling a design and construction team. Covers the design process and how best to control it. Describes aspects of the construction process. Considers the self-builder's method of finance and level of budget. | ||
| 650 | 2 | 4 | _aCONSTRUCTION (DESIGN AND MANAGEMENT) REGULATIONS 1994 |
| 651 | 4 |
_aEngland and Wales _y1543- |
|
| 690 | _aBUILT ENVIRONMENT-CONSTRUCTION MANAGEMENT-CONSTRUCTION DESIGN AND MANAGEMENT | ||
| 942 | _n0 | ||
| 999 |
_c106777 _d106777 |
||